Road to Omaha (2020's) - Statistics

General Stats
  • This quiz has been taken 8 times
  • The average score is 28 of 32
Answer Stats
Year School % Correct
2023 Florida
100%
2024 Florida
100%
2024 Florida St.
100%
2023 LSU
100%
2021 Mississippi St.
100%
2024 North Carolina
100%
2022 Ole Miss
100%
2023 TCU
100%
2021 Texas
100%
2022 Texas
100%
2022 Texas A&M
100%
2024 Texas A&M
100%
2021 Virginia
100%
2023 Virginia
100%
2024 Virginia
100%
2021 Arizona
88%
2022 Arkansas
88%
2021 NC St.
88%
2024 NC St.
88%
2022 Oklahoma
88%
2021 Tennessee
88%
2023 Tennessee
88%
2024 Tennessee
88%
2021 Vanderbilt
88%
2021 Stanford
75%
2022 Stanford
75%
2023 Stanford
75%
2022 Auburn
63%
2024 Kentucky
63%
2022 Notre Dame
63%
2023 Oral Roberts
50%
2023 Wake Forest
50%
No matching quizzes found
Score Distribution
Percent of People with Each Score
Percentile by Number Answered
Your Score History
You have not taken this quiz